Statistiken für Alle Pokémon - Attacken vom Typ "Stahl"

Klicken Sie hier um das Quiz zu spielen!

Allgemein

  • Dieses Quiz wurde 10 mal gespielt
    (8 seit der letzten Aktualisierung)
  • Das Durchschnittsergebnis liegt bei 7 aus 39

Antwortstatistiken

Attacke% Korrekt
Eisenschweif
71%
Metallklaue
57%
Stahlflügel
57%
Stahlstrahl
57%
Eisenschädel
43%
Lichtkanone
43%
Metallsound
43%
Patronenhieb
43%
Sternenhieb
43%
Autotomie
29%
Eisenabwehr
29%
Gangwechsel
29%
Magnetbombe
29%
Metallstoß
29%
Spiegelsalve
29%
Ankerschuss
14%
Gyroball
14%
Kismetwunsch
14%
Klikkdiskus
14%
Rammboss
14%
Stahlgestirn
14%
Stahlpresse
14%
Dyna -Stahlzacken
0%
Eisenwalze
0%
Gigantenhieb
0%
Gigantenstoß
0%
Giga -Schmelze
0%
Giga -Stahlschlag
0%
Goldrausch
0%
Hilfsmechanik
0%
Königsschild
0%
Panzerfäuste
0%
Refugium
0%
Reifendrehung
0%
Riesenhammer
0%
Schmalhorn
0%
Schmetternde Sonnenwalze
0%
Tachyon-Schnitt
0%
Turbo -Spiralkombo
0%

Verteilung der Resultate

Perzentil nach korrekt beantworteten Fragen

Anzahl Personen mit jedem Resultat

Ihre Resultats-Entwicklung

Sie haben dieses Quiz seit der letzten Aktualisierung nicht gespielt